Statistics for Ethnic Groups of Africa

Click here to take the quiz!

General Stats

  • This quiz has been taken 356 times
    (345 since last reset)
  • The average score is 10 of 24

Answer Stats

AreaAppx. PopulationAnswer% Correct
Southern Africa10 millionZulu
83%
North Africa35 millionBerber
79%
Horn of Africa19 millionSomali
79%
West Africa28 millionIgbo
75%
West Africa35 millionYoruba
72%
West Africa60 millionHausa
64%
Horn of Africa30 millionOromo
57%
West Africa20 millionFula
49%
Horn of Africa10 millionTigray
47%
Horn of Africa25 millionAmhara
46%
North Africa91 millionEgyptian
44%
Central Africa10 millionKongo
43%
Southeast Africa15 millionHutu
41%
North Africa15 millionCopt
38%
North Africa94 millionMaghrebi
33%
Southern Africa6.5 millionSotho
33%
Horn of Africa5 millionAfar
28%
Southern Africa15 millionShona
27%
West Africa20 millionAkan
25%
Southeast Africa15 millionChewa
19%
Central Africa15 millionMongo
13%
West Africa30 millionMande
11%
Central Africa15 millionLuba
10%
Central Africa10 millionKanuri
8%

Score Distribution

Percentile by Number Answered

Percent of People with Each Score

Your Score History

You have not taken this quiz since the last reset